000 01401nam a2200325 i 4500
001 110554
003 ES-MaACL
005 20250709071003.0
007 t|
008 070131s1981 fr |||| | fre d
020 _a2-13-037197-3
080 _a1(091)
100 1 _aBréhier, Émile.
_9148586
245 1 0 _aHistoire de la philosophie /
_cEmile Bréhier.
250 _aNouvelle éd.
260 _aParis :
_bPresses Universitaires de France,
_c1981.
300 _a3 v. ;
_c19 cm.
490 1 _aQuadrige ;
_v21-23
500 _aÍndice onomástico general; v. 3.
504 _aReferencias bibliográficas.
505 8 _aContiene: I ;
_tAntiquité et Moyen Age /
_réd. rev. et mise a jour par Pierre-Maxime Schuhl et Maurice de Gandillac (702, VI p.) - II. --
_tXVIIe-XVIII siècles /
_réd. rev. et mise a jour par Pierre-Maxime Schuhl et André-Louis Leroy (506, VI p.) - III. --
_tXIXe-XXe siècles /
_réd. rev. et mise a jour par Lucien Jerphagnon et Pierre-Maxime Schuhl (p. [507]-1059, VI p.)
650 4 _aFilosofía-
_vHistoria.
_9158248
700 1 _aSchuhl, Pierre-Maxime.
_9104751
700 0 _aGandillac, Maurice de,
_d1906-2006
_953842
700 1 _aLeroy, André-Louis
_9161431
700 1 _aJerphagnon, Lucien.
_966345
830 0 _aQuadrige ;
_v21-23
_9180826
852 _aES-MaACL
_jL-30938-40
_z. - Biblioteca Jacinto Martínez Lacalle
999 _c110554
_d110554